| 000 | 00502nam a2200205Ia 4500 | ||
|---|---|---|---|
| 003 | OSt | ||
| 005 | 20140311163112.0 | ||
| 008 | 140130s9999 xx 000 0 und d | ||
| 050 |
_aPZ 7 _b.F475 2004 |
||
| 100 |
_aFigueroa, Acton _931049 |
||
| 245 |
_aClifford's for president / _cFigueroa, Acton |
||
| 260 |
_bScholastic, _c2004. _aNew York : |
||
| 300 |
_bcol. ill. ; _c24 cm. |
||
| 440 |
_v1 _931050 |
||
| 521 | _aG3 | ||
| 526 | _c540 | ||
| 942 |
_cBK _2lcc |
||
| 999 |
_c40611 _d40611 |
||